| 000 | 00000nam##2200000za#4500 |
| 001 | 9.571290 |
| 003 | CaOODSP |
| 005 | 20210624182643 |
| 007 | cr ||||||||||| |
| 008 | 150406|1998||||xxc|||||o f|0| 0 eng|d |
| 040 | |aCaOODSP|beng |
| 043 | |an-cn--- |
| 086 | 1 |aTU3-5/98-10E-PDF |
| 110 | 2 |aTransportation Safety Board of Canada. |
| 245 | 10|aLoss of control - Stall, Piper PA-23-250 N456MR, St. John's, Newfoundland, 20 March 1998 |h[electronic resource] |
| 260 | |aGatineau - Quebec : |bTransportation Safety Board of Canada |c[1999]. |
| 300 | |a9p. |
| 490 | 1 |aAviation investigation report |vA98A0038 |
| 590 | |a12-01-Supp|b2012-01-13 |
| 775 | 08|tPerte de maîtrise - Décrochage, Piper PA-23-250 N456MR, St. John's (Terre-Neuve), 20 mars 1998 |w(CaOODSP)9.601906 |
| 830 | #0|aAviation investigation report ;|vA98A0038|w(CaOODSP)9.504825 |
| 856 | 40|ahttp://publications.gc.ca|qPDF|s114 KB|uhttps://publications.gc.ca/collections/collection_2011/bst-tsb/TU3-5-98-10-eng.pdf|yA98A0038 |